00545nam a2200169Ia 450000500170000000800410001704100080005808200160006610000220008224500440010426000200014830000090016865000220017770000260019999900190022595201310024420250729165518.0250729s2005 xx 000 0 und d aeng a370.78 MADA aMadhubala9225637 aAdjustment problems of hearing Impaired aNew Delhic2005 a103p aEducation9225638 aRao Digumurhi9225639 c237015d237015 00104070aALbALd2025-07-29eSita Book Houseg210.00l0o370.78 MADApBED02334r2025-07-29 16:55:18v210.00w2025-07-29yBK